Las tres hermanas: escenas de familia (Registro nro. 75826)

Detalles MARC
000 -ENCABEZADO
Número de control [NR] 01416nam a2200265Ia 4500
005 - FECHA Y HORA DE LA ÚLTIMA TRANSACCIÓN
control field 20200915164309.0
008 - DE LONGITUD FIJA DE DATOS DE ELEMENTOS - INFORMACIÓN GENERAL
Elementos de longitud fija [NR] 130821s1871 ck fr 1 spa
040 ## - FUENTE DE CATALOGACION [NR]
Agencia de catalogación original [NR] Co-BoUCM
Idioma de catalogación [NR] spa
Quien Cataloga Sandra Yazo
Quien Clasifica Sandra Yazo (modificó)
082 04 - NUMERO DE CLASIFICACION DECIMAL DEWEY [R]
Número de clasificación [R] 843
Número de la edición [NR] 20
092 ## - SIGNATURA TOPOGRAFICA LOCAL
Número de clasificación local E14N044
100 1# - ASIENTO PRINCIPAL--NOMBRE PERSONAL [NR]
Nombre personal [NR] Bourdon, Mathilde
Fechas asociadas con el nombre [NR] 1817-1888
ID Autoridad 101057
245 13 - MENCION DE TITULO [NR]
Título [NR] Las tres hermanas: escenas de familia
Mención de responsabilidad, etc. [NR] por Madama Bourdon Matilde Froment ; Traducida al español por T. G.
260 ## - PUBLICACION, DISTRIBUCION, ETC. (PIE DE IMPRENTA) [R]
Lugar de publicación, distribución, etc. [R] Bogotá (Colombia)
Nombre del editor, distribuidor, etc. [R] Imprenta de Medardo Rivas
Fecha de publicación, distribución, etc. [R] 1871
300 ## - DESCRIPCION FISICA [R]
Extensión [R] 97 páginas
490 ## - MENCION DE SERIE [R]
Mención de serie [R] Lecturas morales y literarias
500 ## - NOTA GENERAL [R]
Nota general [NR] Detalles físicos: Encuadernación rígida en cartón forrado en papel, en regular estado de conservación. Lomo de piel roja muy deteriorado al igual que sus pastas. Conserva guardas manchadas. Portada impresa a una sola tinta con el emblema del editor.
505 ## - NOTA DE CONTENIDO CON FORMATO PREESTABLECIDO [R]
Nota de contenido con formato preestablecido [NR] Un niño minado ; La preferencia ; El convento ; Un pequeño sacrificio ; Duelo ; El porvenir ; Las gemelas ; La separación ; La primera visita ; Proposición de matrimonio ; Una nueva casa ; Un juez de paz ; Días hermosos ; Un corazón que se abre
506 ## - NOTA DE RESTRICCIONES DE ACCESO [R]
Condiciones de acceso [NR] Consulta en sala.
650 #7 - ASIENTO SECUNDARIO DE MATERIA - TERMINO TEMATICO [R]
Término temático o nombre geográfico como elemento de entrada [NR] Literatura francesa
Subdivisión cronológica [R] Siglo XIX
9 (RLIN) 7794
650 #7 - ASIENTO SECUNDARIO DE MATERIA - TERMINO TEMATICO [R]
Término temático o nombre geográfico como elemento de entrada [NR] Novela francesa
Subdivisión cronológica [R] Siglo XIX
9 (RLIN) 20506
690 ## - ASUNTO AGREGADO LOCAL DE ENTRADA - TÉRMINO TEMÁTICO (OCLC, RLIN)
Acceso temático local Literatura europea
9 (RLIN) 26524
700 1# - ASIENTO SECUNDARIO - NOMBRE PERSONAL [R]
Nombre personal [NR] G. T.
9 (RLIN) 101058
700 1# - ASIENTO SECUNDARIO - NOMBRE PERSONAL [R]
Nombre personal [NR] Rivas, Medardo
9 (RLIN) 101059
942 ## - ELEMENTOS DE ENTRADA AGREGADOS (KOHA)
Tipo de ítem principal el descrito en 300a Libro
Tema principal 18
Edición 1
Sistema de clasificación LOCAL
Clasificación E14N044
Existencias
Suprimido Perdido Sistema de clasificación Dañado No prestable Tipo de ítem específico Ubicación habitual Ubicación actual Localización Fecha de creación Forma de adquisición Costo Signatura topográfica Código de barras Última vez visto Ejemplar Price effective from Tipo de ítem
    LOCAL     Libro archivo Archivo Histórico Archivo Histórico Archivo histórico 28/02/2014 Donación 0.00 E14N044 L002193 15/12/2012 Ej.1 03/02/2013 Libro